Women, art, and power : and other essays

Αποθηκεύτηκε σε:
Λεπτομέρειες βιβλιογραφικής εγγραφής
Κύριος συγγραφέας: Nochlin, Linda
Μορφή: Βιβλίο
Γλώσσα:English
Δημοσίευση: Boulder, Colorado : Westview Press, c1988.
Θέματα:
Ετικέτες: Προσθήκη ετικέτας
Δεν υπάρχουν, Καταχωρήστε ετικέτα πρώτοι!

MARC

LEADER 00000cam a2200000 i 4500
001 1/78865
008 080327s1988 cou| ||| |||| ||eng||
020 |a 0064301834   |q (χαρτόδετο) 
035 |l 10095830 
040 |a GR-MyUa  |b gre  |e AACR2 
041 0 |a eng 
082 7 |a 701.03   |2 (22) 
100 1 |a Nochlin, Linda. 
245 1 0 |a Women, art, and power :   |b and other essays /   |c Linda Nochlin.  
260 |a Boulder, Colorado :   |b Westview Press,   |c c1988.  
300 |a xvi, 181 σ. :   |b εικ. ;   |c 23 εκ. 
504 |a Βιβλιογραφία: σ. 177-178. Ευρετήριο.  
650 0 |a Feminism and art. 
650 0 |a Women artists  |x Biography  |x History and criticism. 
852 |a INST  |b SYROS  |e 20080327  |h 701.03 NOC  |p 005500006286  |q 005500006286  |t BK  |y 0 
901 |a BIBL5-2008-1 
922 |a 5ΕΛΗ  |b 200710  |c Βιβλιοθήκη Σύρου  |d Παπασωτηρίου 
970 |a Καγιαβά  |b Ειρήνη  |z 27/03/2008